[Event "Corr"]
[Site "?"]
[Date "2002.01.15"]
[Round "?"]
[White "Marcotulli Giancarlo"]
[Black "Fredriksen Arild"]
[Result "1/2-1/2"]
[WhiteElo "2250"]
[BlackElo "2300"]
[PlyCount "119"]
[EventDate "2002.??.??"]
[Source "www.chesslib.no"]
[SourceDate "2004.05.04"]

1. d4 Nf6 2. c4 c5 3. d5 e6 4. Nc3 exd5 5. cxd5 d6 6. e4 g6 7. f4 Bg7 8. e5 dxe5 9. fxe5 Nfd7 10. e6 fxe6 11. dxe6 Qe7 12. Nd5 Qxe6+ 13. Qe2 Qxe2+ 14. Bxe2 O-O 15. Nc7 Nc6 16. Nxa8 Nb4 17. Bd1 Nd3+ 18. Ke2 Nf2 19. Be3 Nxh1 20. Nf3 c4 21. Bc2 Nf6 22. Rxh1 Nd5 23. Bxa7 Nf4+ 24. Kd2 Nxg2 25. Ne1 Bh3 26. Nc7 Nf4 27. Be4 Bxb2 28. Bb6 Rf6 29. Ba5 Bf5 30. Bxf5 Rxf5 31. Bc3 Ba3 32. Nc2 Bd6 33. Ne8 Rd5+ 34. Bd4 Be5 35. Kc3 b5 36. Bxe5 Rxe5 37. Re1 Ne2+ 38. Kd2 c3+ 39. Kd3 Rd5+ 40. Kxe2 Rd2+ 41. Ke3 Rxc2 42. Re2 Rc1 43. Nc7 Rb1 44. a3 Kf7 45. Rf2+ Ke7 46. Nd5+ Ke6 47. Nxc3 Rb3 48. Kd4 Rxa3 49. Re2+ Kf5 50. Nxb5 Ra6 51. Kd5 Kg4 52. Nd4 Kh3 53. Nf3 Ra1 54. Rf2 h6 55. Ke4 g5 56. Re2 g4 57. Ne5 h5 58. Nd3 Ra4+ 59. Kf5 g3 60. hxg3 1/2-1/2

[Event "Mikenas Gambit Thematic"]
[Site "?"]
[Date "2002.??.??"]
[Round "?"]
[White "Fredriksen Arild"]
[Black "Marcotulli Giancarlo"]
[Result "0-1"]
[WhiteElo "2300"]
[BlackElo "2250"]
[PlyCount "34"]
[EventDate "2002.??.??"]
[Source "www.chesslib.no"]
[SourceDate "2004.05.04"]

1. d4 Nf6 2. c4 c5 3. d5 e6 4. Nc3 exd5 5. cxd5 d6 6. e4 g6 7. f4 Bg7 8. e5 Nfd7 9. Ne4 dxe5 10. Nd6+ Ke7 11. Nxc8+ Qxc8 12. Nf3 Re8 13. fxe5 Nxe5 14. Bb5 Nbd7 15. O-O Kf8 16. Ng5 Kg8 17. Rxf7 Nxf7 0-1

[Event "Syre mem op 25th"]
[Site "Issy les Moulineaux"]
[Date "2002.05.11"]
[Round "6"]
[White "Nguyen Chi Minh"]
[Black "Schabanel, Stephane"]
[Result "1-0"]
[WhiteElo "2252"]
[BlackElo "2238"]
[PlyCount "69"]
[EventDate "2002.05.08"]
[Source "ChessBase"]
[SourceDate "2002.07.08"]

1. d4 Nf6 2. c4 c5 3. d5 e6 4. Nc3 exd5 5. cxd5 d6 6. e4 g6 7. f4 Bg7 8. e5 Nfd7 9. Nb5 dxe5 10. Nd6+ Ke7 11. Nxc8+ Qxc8 12. Nf3 e4 13. Ng5 Nb6 14. d6+ Kf8 15. a4 h6 16. a5 hxg5 17. axb6 a6 18. Qd5 Qd7 19. fxg5 Nc6 20. Bb5 Bd4 21. Bf4 Kg7 22. Bxc6 bxc6 23. Qc4 Qe6 24. Qxe6 fxe6 25. O-O-O e5 26. Rxd4 exd4 27. b7 Rab8 28. Be5+ Kf7 29. Bxh8 Rxh8 30. Rf1+ Ke6 31. Rf6+ Kd5 32. Kd2 c4 33. d7 Kc5 34. Re6 Rxh2 35. Re5+ 1-0

[Event "Corr"]
[Site "?"]
[Date "2002.01.15"]
[Round "?"]
[White "Fredriksen Arild"]
[Black "Aberbach Angel Sergio"]
[Result "1/2-1/2"]
[WhiteElo "2300"]
[BlackElo "2186"]
[PlyCount "52"]
[EventDate "2002.??.??"]
[Source "www.chesslib.no"]
[SourceDate "2004.05.04"]

1. d4 Nf6 2. c4 c5 3. d5 e6 4. Nc3 exd5 5. cxd5 d6 6. e4 g6 7. f4 Bg7 8. e5 Nfd7 9. exd6 O-O 10. Nf3 Nf6 11. Be2 Ne8 12. Be3 b6 13. O-O Nxd6 14. Bf2 Nd7 15. Bh4 Nf6 16. Ne5 a6 17. Bd3 Qc7 18. Qf3 b5 19. Rfe1 c4 20. Bc2 Bb7 21. Rad1 Rfe8 22. Bf2 Re7 23. Re2 Rae8 24. Red2 h6 25. a3 Bc8 26. Na2 h5 1/2-1/2

[Event "Corr"]
[Site "?"]
[Date "2002.01.15"]
[Round "?"]
[White "Aberbach Angel Sergio"]
[Black "Fredriksen Arild"]
[Result "0-1"]
[WhiteElo "2186"]
[BlackElo "2300"]
[PlyCount "74"]
[EventDate "2002.??.??"]
[Source "www.chesslib.no"]
[SourceDate "2004.05.04"]

1. d4 Nf6 2. c4 c5 3. d5 e6 4. Nc3 exd5 5. cxd5 d6 6. e4 g6 7. f4 Bg7 8. e5 dxe5 9. fxe5 Nfd7 10. e6 fxe6 11. dxe6 Qe7 12. Be2 Nb6 13. Bf4 Bxe6 14. Nf3 Bxc3+ 15. bxc3 Bc4 16. Ne5 Bxe2 17. Qxe2 O-O 18. O-O N8d7 19. Rae1 Rae8 20. Bg3 Nxe5 21. Bxe5 a6 22. Rxf8+ Qxf8 23. Rb1 Re6 24. Qd2 Rxe5 25. Rxb6 Qe7 26. h3 Re1+ 27. Kf2 Re6 28. Rxe6 Qxe6 29. a4 b5 30. axb5 axb5 31. g4 Kf7 32. Qb2 Qc4 33. Qd2 Ke6 34. Qe3+ Kd6 35. Qg3+ Kd5 36. Qf3+ Qe4 37. Qf7+ Qe6 0-1

[Event "Ontario Ch"]
[Site "Ontario CAN"]
[Date "1993.??.??"]
[Round "5"]
[White "Walker, Ben"]
[Black "Teodoro, Eduardo"]
[Result "1-0"]
[WhiteElo "2265"]
[BlackElo "2215"]
[PlyCount "81"]
[EventDate "1993.??.??"]
[Source "www.chesslib.no"]
[SourceDate "2004.05.04"]

1. d4 Nf6 2. c4 c5 3. d5 d6 4. Nc3 e6 5. e4 exd5 6. cxd5 g6 7. f4 Bg7 8. e5 Nfd7 9. Nb5 dxe5 10. Nd6+ Ke7 11. Nxc8+ Qxc8 12. d6+ Kf8 13. Nf3 h6 14. fxe5 Nxe5 15. Nxe5 Bxe5 16. Bc4 Bd4 17. Rf1 Qe8+ 18. Qe2 Qxe2+ 19. Kxe2 f6 20. Be3 Nc6 21. Bxd4 Nxd4+ 22. Kd3 Kg7 23. Rae1 Rhe8 24. Bd5 Rad8 25. Rxe8 Rxe8 26. b4 b6 27. bxc5 bxc5 28. Kc4 Nc2 29. Rf3 f5 30. Bc6 Rd8 31. Kxc5 a5 32. a3 Kf6 33. Rc3 Ne1 34. g3 g5 35. d7 f4 36. gxf4 gxf4 37. Kd6 h5 38. Kc7 Ke7 39. Rc4 f3 40. Re4+ Kf6 41. Rxe1 1-0

[Event "Oberliga Nord W9697"]
[Site "Germany"]
[Date "1997.??.??"]
[Round "?"]
[White "Boehm, Juergen"]
[Black "Heinemann, Dieter"]
[Result "1/2-1/2"]
[WhiteElo "2240"]
[BlackElo "2240"]
[PlyCount "87"]
[EventDate "1996.10.??"]
[Source "www.chesslib.no"]
[SourceDate "2004.05.04"]

1. d4 Nf6 2. c4 c5 3. d5 e6 4. Nc3 exd5 5. cxd5 d6 6. e4 g6 7. f4 Bg7 8. e5 Nfd7 9. Nb5 dxe5 10. Nd6+ Ke7 11. Nxc8+ Qxc8 12. Nf3 Re8 13. Bc4 Kf8 14. O-O e4 15. Ng5 Nb6 16. Bb5 h6 17. f5 hxg5 18. fxg6 f6 19. Bxg5 N8d7 20. Qh5 Re5 21. Qh4 Rxg5 22. Qxg5 Kg8 23. Qh5 Nf8 24. d6 Qe6 25. a4 a6 26. Be2 f5 27. Rxf5 Nxg6 28. Bg4 Qxd6 29. a5 Nc4 30. Rd5 Qc6 31. Rg5 Bd4+ 32. Kh1 Kg7 33. Bf5 Nce5 34. Bxg6 Nxg6 35. Rf1 Rh8 36. Qg4 Qd6 37. h4 Be3 38. Rff5 Bxg5 39. Rxg5 Rf8 40. Kg1 Qd4+ 41. Kh2 Qd6+ 42. Kg1 Qd4+ 43. Kh2 Qd6+ 44. Kg1 1/2-1/2

[Event "Master-12"]
[Site "Clichy"]
[Date "2001.07.10"]
[Round "6"]
[White "Daurelle, Herve"]
[Black "Abergel, Thal"]
[Result "1/2-1/2"]
[WhiteElo "2196"]
[BlackElo "2272"]
[PlyCount "50"]
[EventDate "2001.07.05"]
[Source "www.chesslib.no"]
[SourceDate "2004.05.04"]

1. d4 Nf6 2. c4 c5 3. d5 e6 4. Nc3 exd5 5. cxd5 d6 6. e4 g6 7. f4 Bg7 8. e5 Nfd7 9. Nb5 dxe5 10. Nd6+ Ke7 11. Nxc8+ Qxc8 12. Nf3 Re8 13. Be2 Kf8 14. O-O e4 15. Ng5 Nf6 16. f5 Re5 17. fxg6 hxg6 18. Qb3 Nbd7 19. d6 c4 20. Bxc4 e3 21. Nh7+ Kg8 22. Nxf6+ Bxf6 23. Bxf7+ Kg7 24. Bxe3 Nc5 25. Qc3 Nd7 1/2-1/2

[Event "ESP-chT Div 2"]
[Site "Cala Galdana"]
[Date "1999.11.14"]
[Round "7"]
[White "Pons, Cristobal"]
[Black "Fernandez, Gerardo"]
[Result "0-1"]
[WhiteElo "2291"]
[BlackElo "2149"]
[PlyCount "69"]
[EventDate "1999.11.08"]
[Source "www.chesslib.no"]
[SourceDate "2004.05.04"]

1. d4 Nf6 2. c4 c5 3. d5 e6 4. Nc3 exd5 5. cxd5 d6 6. e4 g6 7. f4 Bg7 8. e5 Nfd7 9. Ne4 dxe5 10. Nd6+ Ke7 11. Nxc8+ Qxc8 12. Nf3 Re8 13. Be2 Kf8 14. O-O e4 15. Ng5 h6 16. Nh3 Bd4+ 17. Kh1 f5 18. g4 Nb6 19. gxf5 Qxf5 20. Bg4 Qxd5 21. f5 g5 22. Bxg5 hxg5 23. Nxg5 e3+ 24. Bf3 e2 25. Nh7+ Kg7 26. f6+ Kh8 27. Qd2 exf1=Q+ 28. Rxf1 Qf5 29. f7 Qxf7 30. Ng5 Qg7 31. Qg2 Nc6 32. Bh5 Rf8 33. Bf7 Qh6 34. Rf3 Rae8 35. Bxe8 0-1

[Event "Corr"]
[Site "?"]
[Date "2002.01.15"]
[Round "?"]
[White "Aberbach Angel Sergio"]
[Black "Marcotulli Giancarlo"]
[Result "1/2-1/2"]
[WhiteElo "2186"]
[BlackElo "2250"]
[PlyCount "49"]
[EventDate "2002.??.??"]
[Source "www.chesslib.no"]
[SourceDate "2004.05.04"]

1. d4 Nf6 2. c4 c5 3. d5 e6 4. Nc3 exd5 5. cxd5 d6 6. e4 g6 7. f4 Bg7 8. e5 Nfd7 9. Nb5 dxe5 10. Nd6+ Ke7 11. Nxc8+ Qxc8 12. Nf3 Re8 13. Bc4 Kf8 14. O-O Nb6 15. Bb5 Rd8 16. fxe5 Rxd5 17. Qe1 c4 18. Qh4 h5 19. e6 Qxe6 20. Re1 Bf6 21. Ng5 Bd4+ 22. Kh1 Qf5 23. Re8+ Kg7 24. Ne6+ Kh7 25. Ng5+ 1/2-1/2

[Event "Corr"]
[Site "?"]
[Date "2002.01.15"]
[Round "?"]
[White "Marcotulli Giancarlo"]
[Black "Aberbach Angel Sergio"]
[Result "0-1"]
[WhiteElo "2250"]
[BlackElo "2186"]
[PlyCount "84"]
[EventDate "2002.??.??"]
[Source "www.chesslib.no"]
[SourceDate "2004.05.04"]

1. d4 Nf6 2. c4 c5 3. d5 e6 4. Nc3 exd5 5. cxd5 d6 6. e4 g6 7. f4 Bg7 8. e5 Nfd7 9. Nb5 dxe5 10. Nd6+ Ke7 11. Nxc8+ Qxc8 12. Nf3 Re8 13. fxe5 Nxe5 14. Bb5 Nbd7 15. Nxe5 Kf8 16. O-O Rxe5 17. Bf4 c4 18. b4 Re4 19. Qf3 f5 20. Rae1 Rxe1 21. Rxe1 a6 22. Ba4 b5 23. Bc2 a5 24. bxa5 Rxa5 25. Qe3 Nf6 26. Qb6 Rxa2 27. Bb1 Ra8 28. Qxb5 Qa6 29. Qc5+ Kg8 30. d6 Qa7 31. Qxa7 Rxa7 32. Rc1 Nd5 33. Rxc4 Ra1 34. d7 Rxb1+ 35. Kf2 Rb2+ 36. Ke1 Bf6 37. Be5 Rb7 38. Bxf6 Rxd7 39. Bd4 Kf7 40. Kf2 h5 41. h4 Re7 42. Ra4 Re4 0-1

[Event "Aarhus op"]
[Site "Aarhus"]
[Date "1990.??.??"]
[Round "3"]
[White "Velvart, Peterne"]
[Black "Juergens, Vera"]
[Result "1/2-1/2"]
[WhiteElo "2235"]
[BlackElo "2185"]
[PlyCount "104"]
[EventDate "1990.??.??"]
[Source "www.chesslib.no"]
[SourceDate "2004.05.04"]

1. d4 Nf6 2. c4 c5 3. d5 e6 4. Nc3 exd5 5. cxd5 d6 6. e4 g6 7. f4 Bg7 8. e5 dxe5 9. fxe5 Ng4 10. Bb5+ Kf8 11. e6 h5 12. Nf3 a6 13. Bd3 Bxc3+ 14. bxc3 Qxd5 15. exf7 Bf5 16. Qe2 Qxf7 17. Bxf5 gxf5 18. O-O Nc6 19. Ng5 Qf6 20. Qc4 Re8 21. Qxc5+ Kg7 22. h3 Nge5 23. Ne4 Qg6 24. Nd6 Ref8 25. Bf4 Nd7 26. Qd5 Rf6 27. Nxf5+ Rxf5 28. Qxd7+ Rf7 29. Qd6 Rd8 30. Be5+ Kh7 31. Rxf7+ Qxf7 32. Qf6 Qxf6 33. Bxf6 Rd6 34. Bg5 Kg6 35. h4 Rd3 36. c4 Rc3 37. Rb1 Na5 38. Bd8 Ra3 39. Bxa5 Rxa5 40. Rxb7 Rxa2 41. c5 Rc2 42. Rb6+ Kf5 43. Rxa6 Rxc5 44. Ra4 Rc2 45. Kh2 Rb2 46. Kh3 Rb3+ 47. g3 Rb2 48. Ra6 Rb5 49. Rh6 Ke4 50. Rg6 Rc5 51. Rg5 Rxg5 52. hxg5 Kf5 1/2-1/2

[Event "24th Open"]
[Site "Bad Woerishofen GER"]
[Date "2008.03.05"]
[Round "7"]
[White "Vogel, R."]
[Black "Galje, H."]
[Result "1/2-1/2"]
[WhiteElo "2294"]
[BlackElo "2118"]
[PlyCount "60"]
[EventDate "2008.02.28"]
[Source "www.chesslib.no"]
[SourceDate "2004.05.04"]

1. d4 Nf6 2. c4 e6 3. Nc3 c5 4. d5 exd5 5. cxd5 d6 6. e4 g6 7. f4 Bg7 8. e5 dxe5 9. fxe5 Nfd7 10. e6 Qe7 11. Nf3 O-O 12. Be2 Ne5 13. O-O Nxf3+ 14. Bxf3 fxe6 15. dxe6 Bd4+ 16. Kh1 Nc6 17. Bh6 Rf5 18. g4 Rxf3 19. Qxf3 Bxe6 20. Rae1 Ne5 21. Qg3 Bc4 22. Rf4 Re8 23. b3 Bxc3 24. Qxc3 Bd5+ 25. Rfe4 Qh4 26. Kg1 Bxe4 27. Rxe4 Qxh6 28. Rxe5 Rxe5 29. Qxe5 Qc1+ 30. Kg2 Qd2+ 1/2-1/2

[Event "Berlin GER"]
[Site "?"]
[Date "2005.05.05"]
[Round "2.10"]
[White "Moehring Guenther"]
[Black "Koenig Peter"]
[Result "1-0"]
[WhiteElo "2313"]
[BlackElo "2078"]
[PlyCount "73"]
[EventDate "2005.??.??"]
[Source "www.chesslib.no"]
[SourceDate "2004.05.04"]

1. d4 Nf6 2. c4 c5 3. d5 e6 4. Nc3 exd5 5. cxd5 d6 6. e4 g6 7. f4 Bg7 8. e5 Nfd7 9. Nb5 dxe5 10. Nd6+ Ke7 11. Nxc8+ Qxc8 12. Nf3 Re8 13. fxe5 Kf8 14. Be2 Nxe5 15. Nxe5 Bxe5 16. O-O Bd4+ 17. Kh1 Nd7 18. Bh6+ Kg8 19. Rb1 Qd8 20. b4 Be5 21. Bf4 Bxf4 22. Rxf4 cxb4 23. Rfxb4 Nb6 24. Bf3 Qd6 25. a4 Re5 26. a5 Rae8 27. Qd2 Nxd5 28. h3 Qc5 29. Rxb7 Nf6 30. a6 Kg7 31. Rc1 Qxc1+ 32. Qxc1 Re1+ 33. Qxe1 Rxe1+ 34. Kh2 h5 35. Rxa7 h4 36. Rc7 Ra1 37. a7 1-0

[Event "Corr"]
[Site "?"]
[Date "2001.08.12"]
[Round "?"]
[White "Marcotulli Giancarlo"]
[Black "Costa Paulo Cesar"]
[Result "1/2-1/2"]
[WhiteElo "2259"]
[BlackElo "2130"]
[PlyCount "63"]
[EventDate "2001.??.??"]
[Source "www.chesslib.no"]
[SourceDate "2004.05.04"]

1. d4 Nf6 2. c4 c5 3. d5 e6 4. Nc3 exd5 5. cxd5 d6 6. e4 g6 7. f4 Bg7 8. e5 Nfd7 9. Nb5 dxe5 10. Nd6+ Ke7 11. Nxc8+ Qxc8 12. Nf3 Re8 13. Bc4 Nb6 14. d6+ Kf8 15. Bb5 Nc6 16. fxe5 Bxe5 17. O-O Bf6 18. Bh6+ Kg8 19. Ng5 Bxg5 20. Bxg5 Re5 21. Qf3 Rf5 22. Qg3 Nd4 23. Bd3 Rxf1+ 24. Rxf1 Qe6 25. b3 Re8 26. Be7 Ne2+ 27. Bxe2 Qxe2 28. Qf4 f5 29. Qc1 Nd7 30. Rxf5 gxf5 31. Qg5+ Kh8 32. Bf6+ 1/2-1/2

[Event "Sant Boi op"]
[Site "?"]
[Date "1996.??.??"]
[Round "?"]
[White "Alfonso Nogue Alfonso"]
[Black "Garcia Riera Josep"]
[Result "1-0"]
[WhiteElo "2230"]
[BlackElo "2145"]
[PlyCount "31"]
[EventDate "1996.??.??"]
[Source "www.chesslib.no"]
[SourceDate "2004.05.04"]

1. d4 Nf6 2. c4 c5 3. d5 e6 4. Nc3 exd5 5. cxd5 d6 6. e4 g6 7. f4 Bg7 8. e5 dxe5 9. fxe5 Ng4 10. Bb5+ Kf8 11. e6 Ne5 12. Nf3 fxe6 13. O-O Kg8 14. Nxe5 Bxe5 15. Qf3 Qe7 16. Bg5 1-0

[Event "France (championnat Cadet)"]
[Site "?"]
[Date "2004.??.??"]
[Round "6.5"]
[White "Camus De Solliers Guillaume"]
[Black "Cotonnec Melkior"]
[Result "1-0"]
[WhiteElo "2246"]
[BlackElo "2127"]
[PlyCount "97"]
[EventDate "2004.??.??"]
[Source "www.chesslib.no"]
[SourceDate "2004.05.04"]

1. d4 Nf6 2. c4 c5 3. d5 e6 4. Nc3 exd5 5. cxd5 d6 6. e4 g6 7. f4 Bg7 8. e5 Nfd7 9. Nb5 dxe5 10. Nd6+ Kf8 11. Nf3 h6 12. Bd3 f5 13. fxe5 Nxe5 14. Nxc8 Qxc8 15. O-O Nbd7 16. Nxe5 Nxe5 17. g4 c4 18. Bc2 Qc5+ 19. Kh1 Rd8 20. gxf5 gxf5 21. Bxf5 Ke7 22. Be6 Rhf8 23. Rg1 Bf6 24. Qe2 Rxd5 25. Bxd5 Qxd5+ 26. Qg2 Qxg2+ 27. Rxg2 h5 28. Bg5 Nd3 29. Re2+ Kd7 30. Rf1 Bg7 31. Re7+ Kc6 32. Rxf8 Bxf8 33. Rf7 Bd6 34. Bf6 a6 35. Kg2 b5 36. h4 b4 37. Ra7 Kb5 38. Kf3 Be5 39. Bxe5 Nxe5+ 40. Ke3 Nd3 41. b3 cxb3 42. axb3 Nc5 43. Rh7 Nxb3 44. Rxh5+ Kc4 45. Rg5 Nd4 46. Rg4 Kc3 47. Rxd4 b3 48. Rd3+ Kc2 49. Rxb3 1-0

[Event "Open"]
[Site "Liverpool ENG"]
[Date "2007.09.08"]
[Round "8"]
[White "Carleton, J."]
[Black "Cannon, Ra"]
[Result "1-0"]
[WhiteElo "2322"]
[BlackElo "2050"]
[PlyCount "127"]
[EventDate "2007.09.04"]
[Source "www.chesslib.no"]
[SourceDate "2004.05.04"]

1. d4 Nf6 2. c4 c5 3. d5 e6 4. Nc3 exd5 5. cxd5 d6 6. e4 g6 7. f4 Bg7 8. e5 Nfd7 9. Ne4 dxe5 10. Nd6+ Ke7 11. Nxc8+ Qxc8 12. Nf3 Re8 13. fxe5 Nxe5 14. Bb5 Nbd7 15. Nxe5 Kf8 16. O-O Rxe5 17. Bf4 c4 18. Qd4 Rf5 19. Qxc4 Qxc4 20. Bxc4 Bxb2 21. Rad1 Be5 22. Bh6+ Bg7 23. Rxf5 gxf5 24. Bc1 Rc8 25. Ba3+ Nc5 26. d6 b6 27. Bd3 Bd4+ 28. Kf1 Rd8 29. Bxf5 Rxd6 30. Bxh7 Rf6+ 31. Ke1 Re6+ 32. Kd2 Rh6 33. Bf5 Rh5 34. Bg4 Rg5 35. Bf3 Kg7 36. Kc2 Ne6 37. Bb4 a5 38. Ba3 Re5 39. Bg4 f5 40. Bf3 Kg6 41. h4 Re3 42. Bc1 Rc3+ 43. Kb1 Rc5 44. Rd3 Rb5+ 45. Kc2 f4 46. Ba3 Re5 47. Bd6 Rb5 48. Rb3 Rxb3 49. Kxb3 Kf5 50. Kc4 Bf2 51. Be7 Nd4 52. a4 Nxf3 53. gxf3 Kg6 54. Kd5 Kh5 55. Ke4 Be3 56. Bg5 Bf2 57. Kxf4 b5 58. axb5 a4 59. Be7 Bd4 60. Ke4 Bb6 61. Kd5 a3 62. Bxa3 Kxh4 63. Bd6 Kg5 64. Kc6 1-0

[Event "UKR-ch U20 Girls sf"]
[Site "?"]
[Date "2002.12.15"]
[Round "8"]
[White "Kostiukova Liubov"]
[Black "Matseyko Ekaterina"]
[Result "1-0"]
[WhiteElo "2169"]
[BlackElo "2202"]
[PlyCount "79"]
[EventDate "2002.??.??"]
[Source "www.chesslib.no"]
[SourceDate "2004.05.04"]

1. d4 Nf6 2. c4 c5 3. d5 e6 4. Nc3 exd5 5. cxd5 d6 6. e4 g6 7. f4 Bg7 8. e5 dxe5 9. fxe5 Nfd7 10. e6 Qe7 11. Nf3 O-O 12. Be2 Nb6 13. Bg5 Bxc3+ 14. bxc3 f6 15. Bc1 Rd8 16. c4 Bxe6 17. O-O Bf5 18. Re1 Na6 19. a3 Re8 20. Bd3 Qd7 21. Bb2 Rxe1+ 22. Nxe1 Kf7 23. Rb1 Bxd3 24. Qxd3 Re8 25. Nf3 Qg4 26. Rf1 Nd7 27. h3 Qf4 28. Kh1 Re3 29. Qd2 Qxc4 30. Qf2 Kg8 31. Qxe3 Qxf1+ 32. Kh2 Nab8 33. Bxf6 Nxf6 34. Qe6+ Kg7 35. Qe7+ Kg8 36. Qxf6 Qc4 37. Qe6+ Kg7 38. Qe5+ Kh6 39. Qxb8 Qxd5 40. Qf8+ 1-0

[Event "It (Open) Usti Nad Orlici CZE"]
[Site "?"]
[Date "2006.05.05"]
[Round "8"]
[White "Mlynek Petr"]
[Black "Holasek Pavel"]
[Result "0-1"]
[WhiteElo "2256"]
[BlackElo "2113"]
[PlyCount "92"]
[EventDate "2006.??.??"]
[Source "www.chesslib.no"]
[SourceDate "2004.05.04"]

1. d4 Nf6 2. c4 c5 3. d5 e6 4. Nc3 exd5 5. cxd5 d6 6. e4 g6 7. f4 Bg7 8. e5 Nfd7 9. Nb5 dxe5 10. Nd6+ Ke7 11. Nxc8+ Qxc8 12. Nf3 Re8 13. Bc4 Kf8 14. O-O e4 15. Ne5 Nxe5 16. fxe5 Rxe5 17. Be3 Nd7 18. d6 f5 19. Bf4 Nb6 20. Bxe5 Bxe5 21. Bb5 Qe6 22. d7 Rd8 23. Qe1 Nxd7 24. Rd1 Bd4+ 25. Kh1 Kg7 26. b3 Ne5 27. h3 a6 28. Be2 Rf8 29. Qg3 h6 30. h4 Qf6 31. Bc4 g5 32. Bd5 f4 33. Qe1 g4 34. g3 Nd3 35. Rxd3 exd3 36. Rxf4 Qe5 37. Rxg4+ Kh8 38. Be4 d2 39. Qxd2 Rf1+ 40. Kg2 Rf2+ 41. Qxf2 Bxf2 42. Kxf2 Qb2+ 43. Ke3 Qxa2 44. Bd5 Qb2 45. Bg8 Qe5+ 46. Kd2 Qf5 0-1

[Event "Budapest HUN"]
[Site "?"]
[Date "1999.12.28"]
[Round "3.4"]
[White "Toth Daniel"]
[Black "Papp Gabor"]
[Result "0-1"]
[WhiteElo "2118"]
[BlackElo "2248"]
[PlyCount "114"]
[EventDate "1999.??.??"]
[Source "www.chesslib.no"]
[SourceDate "2004.05.04"]

1. d4 Nf6 2. c4 c5 3. d5 e6 4. Nc3 exd5 5. cxd5 d6 6. e4 g6 7. f4 Bg7 8. e5 dxe5 9. fxe5 Nfd7 10. e6 fxe6 11. dxe6 Qe7 12. Nb5 Qxe6+ 13. Qe2 Qxe2+ 14. Bxe2 Na6 15. Nd6+ Ke7 16. Nxc8+ Raxc8 17. Bxa6 bxa6 18. Nf3 Kd6 19. O-O Kc6 20. Rb1 Rhe8 21. Kf2 Nf6 22. Bf4 Nd5 23. Bg5 h6 24. Bd2 Re7 25. b3 Nb4 26. Bxb4 cxb4 27. Rbe1 Rce8 28. Rxe7 Rxe7 29. Rc1+ Bc3 30. Rd1 Rd7 31. Rxd7 Kxd7 32. Ke3 Kc6 33. Nh4 g5 34. Nf5 h5 35. h4 gxh4 36. Nxh4 Bf6 37. Nf3 a5 38. Ke4 a4 39. bxa4 Kb6 40. Kd3 Ka5 41. Nd2 Kxa4 42. Nc4 a5 43. Nb6+ Ka3 44. Nc4+ Ka4 45. Nb6+ Kb5 46. Nd5 Bg5 47. Nc7+ Kc6 48. Ne6 Bf6 49. Nf4 h4 50. Kc4 Kd6 51. Kb5 Bd8 52. Ng6 Kd5 53. Ka4 Ke4 54. a3 bxa3 55. Kxa3 Kf5 56. Nxh4+ Bxh4 57. Ka4 Be1 0-1

[Event "Buenos Aires Ch FEMEDA"]
[Site "?"]
[Date "2004.06.09"]
[Round "7.6"]
[White "Nogues Alejandro"]
[Black "Malajovich Sandra"]
[Result "1-0"]
[WhiteElo "2226"]
[BlackElo "2137"]
[PlyCount "49"]
[EventDate "2004.??.??"]
[Source "www.chesslib.no"]
[SourceDate "2004.05.04"]

1. d4 Nf6 2. c4 c5 3. d5 e6 4. Nc3 exd5 5. cxd5 d6 6. e4 g6 7. f4 Bg7 8. e5 Ng4 9. Bb5+ Kf8 10. Nf3 dxe5 11. O-O c4 12. Qe2 e4 13. Qxe4 Qb6+ 14. Kh1 Bxc3 15. Qxc4 Bf6 16. Qxc8+ Kg7 17. Qxg4 Qxb5 18. Be3 Qd3 19. Bd4 Bxd4 20. Rad1 Qe2 21. Rfe1 h5 22. Qh3 Qxb2 23. Nxd4 Rd8 24. Re7 Rxd5 25. Qe6 1-0

[Event "Andalucia Ch"]
[Site "Rincon de La Victoria"]
[Date "1995.??.??"]
[Round "6"]
[White "Castillo Gallego, Sergio"]
[Black "Manrique Alamos, Antonio"]
[Result "1-0"]
[WhiteElo "2155"]
[BlackElo "2200"]
[PlyCount "60"]
[EventDate "1995.??.??"]
[Source "www.chesslib.no"]
[SourceDate "2004.05.04"]

1. d4 Nf6 2. c4 c5 3. d5 e6 4. Nc3 exd5 5. cxd5 d6 6. e4 g6 7. f4 Bg7 8. e5 dxe5 9. fxe5 Nfd7 10. e6 fxe6 11. dxe6 Bxc3+ 12. bxc3 Qh4+ 13. g3 Qe4+ 14. Qe2 Qxe2+ 15. Nxe2 Nf8 16. Nf4 Nxe6 17. Nd5 Nc6 18. Bh6 Bd7 19. Nf6+ Ke7 20. Nd5+ Kd8 21. O-O-O Re8 22. Nf6 Re7 23. Bh3 Nb8 24. Rhe1 Nf8 25. Bxf8 Rxe1 26. Rxe1 Bxh3 27. Bd6 Bd7 28. Re7 b6 29. Rxh7 Kc8 30. Bxb8 Rxb8 1-0

[Event "Open"]
[Site "?"]
[Date "2004.12.21"]
[Round "7"]
[White "Bick John D"]
[Black "Ellis James S"]
[Result "1-0"]
[WhiteElo "2224"]
[BlackElo "2128"]
[PlyCount "43"]
[EventDate "2004.??.??"]
[Source "www.chesslib.no"]
[SourceDate "2004.05.04"]

1. d4 Nf6 2. c4 e6 3. Nc3 c5 4. d5 exd5 5. cxd5 d6 6. e4 g6 7. f4 Bg7 8. e5 Qe7 9. Nb5 Ne4 10. Qe2 f5 11. exd6 Qd8 12. Nc7+ Kf8 13. Nxa8 Qxd6 14. Nf3 Nd7 15. Qc2 Qb8 16. Bd3 Ndf6 17. O-O Qxa8 18. Ne5 b6 19. Rd1 Qb8 20. a4 Bb7 21. Bxe4 fxe4 22. d6 1-0

[Event "CZE-chT2a 0001"]
[Site "?"]
[Date "2000.??.??"]
[Round "4"]
[White "Plesek Jiri"]
[Black "Rozkovec Hynek"]
[Result "0-1"]
[WhiteElo "2190"]
[BlackElo "2145"]
[PlyCount "68"]
[EventDate "2000.??.??"]
[Source "www.chesslib.no"]
[SourceDate "2004.05.04"]

1. d4 Nf6 2. c4 c5 3. d5 e6 4. Nc3 exd5 5. cxd5 d6 6. e4 g6 7. f4 Bg7 8. e5 Nfd7 9. Ne4 dxe5 10. Nd6+ Ke7 11. Nb5 a6 12. d6+ Kf8 13. Nc7 Ra7 14. Nf3 b5 15. Be2 Nc6 16. O-O e4 17. Ng5 Bd4+ 18. Kh1 Nf6 19. f5 Qxd6 20. Bf4 Ne5 21. Nxf7 Kxf7 22. Bg5 Bxf5 23. a4 Rxc7 24. axb5 axb5 25. Bxb5 Rg8 26. Bf4 Qb6 27. Bxe5 Bxe5 28. Bc4+ Kg7 29. Bxg8 Nxg8 30. Ra8 Qf6 31. h3 Qg5 32. Kg1 Rd7 33. Qa4 Qe3+ 34. Kh1 Qg3 0-1

[Event "Slovakia"]
[Site "?"]
[Date "2003.??.??"]
[Round "1"]
[White "Kaniansky Miroslav"]
[Black "Hoferik Stefan"]
[Result "0-1"]
[WhiteElo "2193"]
[BlackElo "2135"]
[PlyCount "52"]
[EventDate "2003.??.??"]
[Source "www.chesslib.no"]
[SourceDate "2004.05.04"]

1. d4 c5 2. d5 e6 3. c4 exd5 4. cxd5 d6 5. Nc3 Nf6 6. e4 g6 7. f4 Bg7 8. e5 dxe5 9. fxe5 Nfd7 10. e6 fxe6 11. Nf3 O-O 12. dxe6 Ne5 13. Nxe5 Qxd1+ 14. Kxd1 Bxe5 15. Bc4 Re8 16. Nd5 Bxe6 17. Re1 Nc6 18. Nf6+ Bxf6 19. Bxe6+ Kg7 20. Bc4 Red8+ 21. Kc2 b5 22. Bf1 c4 23. a3 Nd4+ 24. Kb1 Nb3 25. Ra2 Re8 26. Be3 Rad8 0-1

[Event "Faakersee Open, Latschach AUT"]
[Site "?"]
[Date "2001.??.??"]
[Round "6"]
[White "Kainz, J."]
[Black "Devide, Z."]
[Result "0-1"]
[WhiteElo "2040"]
[BlackElo "2255"]
[PlyCount "74"]
[EventDate "2001.??.??"]
[Source "www.chesslib.no"]
[SourceDate "2004.05.04"]

1. d4 Nf6 2. c4 c5 3. d5 e6 4. Nc3 exd5 5. cxd5 d6 6. e4 g6 7. f4 Bg7 8. e5 Nfd7 9. e6 Nf6 10. Bb5+ Kf8 11. Nf3 a6 12. Be2 fxe6 13. O-O exd5 14. Nxd5 Nc6 15. a4 Bf5 16. Nxf6 Bxf6 17. Qd5 Qe7 18. Bc4 Nb4 19. Qd1 Kg7 20. Ra3 Rhe8 21. Re3 Qd7 22. Rfe1 Rxe3 23. Rxe3 b5 24. Bd5 Re8 25. axb5 Rxe3 26. Bxe3 axb5 27. b3 Qe7 28. Bf2 Nd3 29. h3 Nxf4 30. Bg3 Ne2+ 31. Kf2 Nc3 32. Qd2 Be4 33. Bh4 Bxh4+ 34. Nxh4 Qxh4+ 35. Kg1 Nxd5 36. Qe2 Nc3 37. Qd2 Qf6 0-1